000 00488nam a2200169Ia 4500
005 20250508162321.0
008 008 250505s9999 xx 000 0 eng d
037 _aTextual
040 _aFEDL
_beng
_cFEDL
041 _aeng
_2eng
084 _a621.37, GRA
_qFEDL
100 _aGraham Frank D
245 0 _aAudels new electric library Vol. IV
260 _aBombay, India
_bD.B. Taraporevala Sons & Co.
_c1963
942 _cTEXL
_h621.37, GRA
999 _c1375793
_d1375793